Detalles MARC
| 000 -LEADER |
| longitud fija campo de control |
03549Cam#a22005415a#4500 |
| 003 - IDENTIFICADOR DE NUMERO DE CONTROL |
| control del campo |
AR-RoUNA |
| 005 - FECHA DE LA ULTIMA MODIFICACION |
| control del campo |
20260625121417.0 |
| 008 - CAMPO DE CONTROL - LIBROS |
| longitud fija campo de control |
100216s2009||||ag|||||| |||| 0|spa d |
| 020 ## - INTERNATIONAL STANDARD BOOK NUMBER |
| ISBN |
978-987-677-022-4 |
| 040 ## - ORIGEN DE LA CATALOGACION |
| Agencia que cataloga la obra original |
AR-RoUNA |
| Idioma en que se cataloga |
spa |
| Entidad que modifico el registro |
AR-RoUNA |
| 041 ## - CODIGO DE IDIOMA |
| Codigo de idioma del texto / sonido o titulo separado |
spa |
| 044 ## - CODIGO DE PAIS / ENTIDAD PRODUCTORA |
| Codigo MARC del pais |
ag |
| 080 ## - CDU |
| Numero de clasificacion |
378 |
| Numero |
(82) |
| 110 2# - ASIENTO PRINCIPAL - AUTOR INSTITUCIONAL |
| Nombre corporativo o de jurisdiccion como elemento de entrada |
Argentina. Universidad Nacional de Rosario. |
| Unidad subordinada |
Secretaria de Ciencia y Tecnología. |
| 9 (RLIN) |
20604 |
| 245 10 - TITULO PROPIAMENTE DICHO |
| Titulo |
Jornadas de Ciencia y Tecnologia, IV : |
| Subtitulo |
Divulgación de la Producción Científica y Tecnológica de la UNR / |
| Mencion de responsabilidad, etc |
Secretaria de Ciencia y Tecnología. coordinado por Clara Eder López |
| 250 ## - MENCION DE EDICION |
| Edicion declarada |
1a. ed. |
| 260 ## - EDITORIAL - PUBLICACION, DISTRIBUCION, ETC. (Pie de imprenta) |
| Lugar de publicacion, distribucion, etc |
Rosario (Santa Fe, Argentina) : |
| Nombre del editor, distribuidor, etc |
Laborde Libros Editor, |
| Fecha de publicacion |
2011. |
| 300 ## - DESCRIPCION FISICA |
| Extension |
605 p : |
| Otros detalles fisicos |
gráficos, |
| -- |
il. byn., |
| Dimensiones |
23x16 cm. |
| 505 0# - NOTA DE CONTENIDO CON FORMATO |
| Título principal |
Noemí, Adagio / De Harvard a Mendoza: una revisión de la arquitectura y su aprendizaje, bajo el signo de un "nuevo humanismo" (1946-1962). p. 11 |
| 505 0# - NOTA DE CONTENIDO CON FORMATO |
| Título principal |
Gabriel Azorey; Miguel Garrofé / El ferrocarril en la construcción del Patrimonio Metropolitano de Rosario. Fisherton y Roldán. p. 37 |
| 505 0# - NOTA DE CONTENIDO CON FORMATO |
| Título principal |
M. Beretta y otros / La memoria y la historia como forma de participación social: el caso de Barrio Acindar de Rosario recuperación participativa de la historia Barrial: caso Barrio Acindar: 1942 al 2010. p. 71 |
| 505 0# - NOTA DE CONTENIDO CON FORMATO |
| Título principal |
Analía Brarda; Roberto De Gregorio; Noemí Balmaceda y Elina Heredia / Los edificios escolares en el escenario rural 1945-1955. p. 101 |
| 505 0# - NOTA DE CONTENIDO CON FORMATO |
| Título principal |
Bibiana Cicutti / Identidades cartográficas. La mirada del territorio a través del plano. p. 123 |
| 505 0# - NOTA DE CONTENIDO CON FORMATO |
| Título principal |
Elio Di Bernardo y otros / Sustentabilidad ambiental relativa de los sistemas urbanos. p. 164 |
| 505 0# - NOTA DE CONTENIDO CON FORMATO |
| Título principal |
Silvia Dócola / La confederación Argentina para Germán Burmeister en 1861. El mapa como recomposición de fragmentos. p. 170 |
| 505 0# - NOTA DE CONTENIDO CON FORMATO |
| Título principal |
Jorge Español / Rosario a través del parabrisas. Planes urbanos y vías de circulación 1954-1968. p. 181 |
| 505 0# - NOTA DE CONTENIDO CON FORMATO |
| Título principal |
Cecilia, Galimberti / Paisaje cultural en la contemporaneidad de la ribera metropolitana de Rosario. p. 223 |
| 505 0# - NOTA DE CONTENIDO CON FORMATO |
| Título principal |
Silvia Longo / Manuales para vivienda urbana en Argentina (1932-1943). p. 281 |
| 505 0# - NOTA DE CONTENIDO CON FORMATO |
| Título principal |
Isabel Martínez de San Vicente y otros / Uso del suelo y expansiones urbanas . p. 300 |
| 505 0# - NOTA DE CONTENIDO CON FORMATO |
| Título principal |
Aicia Mateos, César Altuzarra y otros / Evaluación del impacto de las intervenciones 2009 sobre edificios escolares del área metropolitana de Rosario. p. 304 |
| 505 0# - NOTA DE CONTENIDO CON FORMATO |
| Título principal |
Aníbal Moliné Lura; Ana Espinosa; María José Panvini y Horacio Panvini / Incorporación de plásticos como agregado inerte en morteros y hormigones. p. 324 |
| 505 0# - NOTA DE CONTENIDO CON FORMATO |
| Título principal |
Marcelo Salgado y otros / Vivienda social en relación al desarrollo de iniciativas productivas en Rosario. p. 486 |
| 505 0# - NOTA DE CONTENIDO CON FORMATO |
| Título principal |
Jorge Vázquez; Patricia Mosconi y Sonia Omelianiuk / Iluminación urbana y características espaciales de las calles: análisis de propuestas alternativas en la ciudad de Rosario. p. 564 |
| 610 24 - MATERIA - NOMBRE CORPORATIVO |
| Nombre corporativo o de jurisdiccion como entrada |
Universidad Nacional de Rosario. |
| Unidad subordinada |
Secretaria de Ciencia y Tecnologia. |
| 9 (RLIN) |
20604 |
| 650 4# - MATERIA - TERMINO TEMATICO |
| Término temático general |
Educacion Superior |
| 650 4# - MATERIA - TERMINO TEMATICO |
| Término temático general |
Jornadas |
| 650 4# - MATERIA - TERMINO TEMATICO |
| Término temático general |
Universidades |
| 651 40 - MATERIA - NOMBRE GEOGRAFICO |
| Termino geografico |
Santa Fe (Argentina) |
| 9 (RLIN) |
62 |
| 651 40 - MATERIA - NOMBRE GEOGRAFICO |
| Termino geografico |
Roldán (Santa Fe, Argentina) |
| 9 (RLIN) |
27800 |
| 651 40 - MATERIA - NOMBRE GEOGRAFICO |
| Termino geografico |
Fisherton (Rosario, Santa Fe, Argentina) |
| 9 (RLIN) |
27801 |
| 653 ## - MATERIA - PALABRAS CLAVES |
| Palabras claves |
Producción cientificos |
| 653 ## - MATERIA - PALABRAS CLAVES |
| Palabras claves |
Exploracion Proyectual |
| 908 ## - SOPORTE |
| Soporte |
Imp |
| 930 ## - ACCESION |
| Numero de accesion (NR) |
12357 |
| 942 ## - FUENTE DE CLASIFICACION |
| Clasificacion |
Universal Decimal Classification |
| Tipo de item |
Libro |
| 945 ## - INFORMACION DE PROCESAMIENTO |
| Codigo del operador |
MTC |
| Fecha de ingreso o modificacion |
2024-02-29 |
| 980 ## - DECLARACIÓN DE EQUIVALENCIA O SERIE DE REFERENCIA CRUZADA - NOMBRE / TÍTULO PERSONAL [LOCAL, CANADÁ] |
| Nombre del operador que modifico el registro |
María Machado |
| Código del operador |
5 |
| Nombre del operador |
María Machado |
| Código del operador que modifico el registro |
5 |